| 000 | 00000nam##2200000za#4500 |
| 001 | 9.643168 |
| 003 | CaOODSP |
| 005 | 20210624224038 |
| 007 | cr ||||||||||| |
| 008 | 150407|2012||||xxc|||||o f|0| 0 fre|d |
| 040 | |aCaOODSP|bfre |
| 043 | |an-cn--- |
| 086 | 1 |aH14-136/2012F-PDF |
| 110 | 1 |aCanada. |bSanté Canada. |
| 245 | 10|aStratégie fédérale de lutte contre le tabagisme, 2001-2011 : |h[ressource électronique]|bévaluation horizontale - rapport final |
| 260 | |aOttawa - Ontario : |bSanté Canada |cJuin 2012. |
| 300 | |a105p. |
| 500 | |aY compris la «Réponse de la direction et plan d'action». |
| 590 | |a14-09-Supp|b2014-04-23 |
| 775 | 08|tFederal Tobacco Control Strategy, 2001-2011 : |w(CaOODSP)9.699213 |
| 856 | 40|ahttp://publications.gc.ca|qPDF|s566 Ko|uhttps://publications.gc.ca/collections/collection_2014/sc-hc/H14-136-2012-fra.pdf |